| 000 | 00552nam a2200181 i 4500 | ||
|---|---|---|---|
| 001 | 44527 | ||
| 003 | ES-MaACL | ||
| 005 | 20230906161041.0 | ||
| 007 | t| | ||
| 008 | 030321s1931 sp ||||1| spa d | ||
| 100 | 1 |
_aCeballos Teresi, José G. _937282 |
|
| 245 | 1 | 3 |
_aEl quiste socialista de la República / _cJosé G. Ceballos Teresi. |
| 260 |
_aMadrid : _b[s.n.], _c1931 ( _fTall. Tip. "El Financiero") |
||
| 300 |
_a16 p. ; _c20 cm. |
||
| 650 | 4 |
_aSocialismo- _zEspaña- _yS.XX. _917157 |
|
| 852 |
_aES-MaACL _j1749-F-6 |
||
| 852 |
_aES-MaACL _j1749-F-3 |
||
| 999 |
_c44527 _d44527 |
||